Central Library OPAC University of Rajshahi

Family breakup / (Record no. 34962)

MARC details
000 -LEADER
fixed length control field 01185nam a2200337 a 4500
001 - CONTROL NUMBER
control field 34962
003 - CONTROL NUMBER IDENTIFIER
rucl marc code BD-RjUL
005 - DATE AND TIME OF LATEST TRANSACTION
control field 20211209052234.0
008 - FIXED-LENGTH DATA ELEMENTS--GENERAL INFORMATION
fixed length control field 140520s1982 cau b 101 0 eng
020 ## - INTERNATIONAL STANDARD BOOK NUMBER
International Standard Book Number 0875895522
035 ## - SYSTEM CONTROL NUMBER
System control number (BD-RjUL)35056
040 ## - CATALOGING SOURCE
Original cataloging agency DLC
Transcribing agency DLC
Modifying agency DLC
-- BD-RjUL
Language of cataloging eng
041 ## - LANGUAGE CODE
Language code of text/sound track or separate title eng
082 00 - DEWEY DECIMAL CLASSIFICATION NUMBER
Classification number 306.89
Edition number 19
Author mark and year LIF 1982
100 1# - MAIN ENTRY--PERSONAL NAME
Personal name Little, Marilyn.
9 (RLIN) 106434
245 10 - TITLE STATEMENT
Title Family breakup /
Statement of responsibility, etc. Marilyn Little.
250 ## - EDITION STATEMENT
Edition statement 1st ed.
260 ## - PUBLICATION, DISTRIBUTION, ETC. (IMPRINT)
Place of publication, distribution, etc. San Francisco :
Name of publisher, distributor, etc. Jossey-Bass,
Date of publication, distribution, etc. 1982.
300 ## - PHYSICAL DESCRIPTION
Pagination xiv, 235 p. ;
Size 24 cm.
504 ## - BIBLIOGRAPHY, ETC. NOTE
Bibliography, etc Includes bibliographical references and index.
650 #0 - SUBJECT ADDED ENTRY--TOPICAL TERM
Topical term or geographic name as entry element Divorce
Geographic subdivision United States
General subdivision Case studies.
9 (RLIN) 106436
Topical term or geographic name as entry element Marriage
Geographic subdivision United States
General subdivision Case studies.
9 (RLIN) 106437
Topical term or geographic name as entry element Custody of children
Geographic subdivision United States
General subdivision History.
9 (RLIN) 106438
Topical term or geographic name as entry element Custody of children
Geographic subdivision United States
General subdivision Case studies.
9 (RLIN) 106439
Topical term or geographic name as entry element Children of divorced parents
Geographic subdivision United States
General subdivision Case studies.
9 (RLIN) 106440
Topical term or geographic name as entry element Divorced parents
Geographic subdivision United States
General subdivision Case studies.
9 (RLIN) 106441
942 ## - ADDED ENTRY ELEMENTS (KOHA)
Source of classification or shelving scheme Dewey Decimal Classification
Koha item type Books
Holdings
Lost status Source of classification or shelving scheme Damaged status Not for loan Collection code Permanent Location Current Location Shelving location Date acquired Source of acquisition Cost, normal purchase price Total Checkouts Full call number Date last seen Copy number Koha item type
  Dewey Decimal Classification     Non-fiction Central Library, University of Rajshahi Central Library, University of Rajshahi   10/06/1985 Asia foundation 0.00   306.89 LIF 1982 20/05/2014 C-3 Books